[Event "34th Chess Olympiad (men)"]
[Site "Istanbul"]
[Date "2000.11.07"]
[Round "10.50.2"]
[White "Santa, Torres Juan"]
[Black "Abera, Yimam"]
[WhiteElo "2226"]
[BlackElo "2000"]
[WhiteCountry "PUR"]
[BlackCountry "ETH"]
[Result "1-0"]

1. d4 Nf6 2. c4 g6 3. Nc3 Bg7 4. e4 d6 5. Be2 O-O 6. Bg5 c5 7. dxc5 Qa5 
8. Bd2 Qxc5 9. Nf3 a6 10. O-O Bd7 11. Rc1 Re8 12. Be3 Qc8 13. Nd4 Nc6 
14. f3 Ne5 15. b3 Nh5 16. Nd5 Qd8 17. Nc2 Nc6 18. Bb6 Qc8 19. Nc7 Nf4 
20. Nxa8 Qxa8 21. Be3 Nxe2+ 22. Qxe2 e5 23. Rfd1 Bf8 24. Bb6 Qc8 25. Qf2 f5 
26. Ne3 Nd4 27. Nd5 Bg7 28. Re1 Kh8 29. Rcd1 Rf8 30. Bc7 fxe4 31. Rxe4 Nf5 
32. c5 Bc6 33. cxd6 Qe6 34. Qc5 Qf7 35. d7 Qxd7 36. Bxe5 Qf7 37. Bxg7+ Qxg7 
38. Ree1 h5 39. Nf4 Rf7 40. Qe5 Kh7 41. Qxg7+ Kxg7 42. Ne6+ Kf6 43. Nd8 Rc7 
44. Re6+ Kg5 45. Rxc6 Rxc6 46. Nxc6 bxc6 47. Rc1 Nd4 48. Rc4 c5 49. Rxc5+ Kf4 
50. Kf2 
1-0

[Event "34th Chess Olympiad (men)"]
[Site "Istanbul"]
[Date "2000.11.07"]
[Round "10.50.3"]
[White "Alemu, Fikreselassie"]
[Black "Montalvo, Alejandro"]
[WhiteElo "2000"]
[BlackElo "2222"]
[WhiteCountry "ETH"]
[BlackCountry "PUR"]
[Result "0-1"]

1. e4 c6 2. d4 d5 3. Nd2 dxe4 4. Nxe4 Nf6 5. Ng3 h5 6. Be2 Qc7 7. Nf3 h4 
8. Nf1 h3 9. g3 e6 10. Ne5 Nbd7 11. Nd3 b6 12. Bf3 Bb7 13. Bf4 Bd6 14. Ne3 Bxf4 
15. gxf4 O-O-O 16. Qe2 c5 17. dxc5 Nxc5 18. Bxb7+ Kxb7 19. O-O-O Nxd3+ 
20. Rxd3 Rxd3 21. Qxd3 Rd8 22. Qc4 Qxc4 23. Nxc4 Rd4 24. Ne5 Rxf4 25. Nd3 Rg4 
26. Kd2 Nd5 27. a3 f6 28. Ke2 e5 29. Kf1 e4 30. Ne1 g5 31. Rg1 Rh4 32. Ke2 Kc6 
33. f3 exf3+ 34. Nxf3 Re4+ 35. Kf2 Nf4 36. Re1 Rxe1 37. Nxe1 Kd5 38. Ke3 Ng2+ 
0-1

[Event "34th Chess Olympiad (men)"]
[Site "Istanbul"]
[Date "2000.11.07"]
[Round "10.50.4"]
[White "Ovalle, Ramon"]
[Black "Haile Giorgis, Shewaseged"]
[WhiteElo "2151"]
[BlackElo "2000"]
[WhiteCountry "PUR"]
[BlackCountry "ETH"]
[Result "1-0"]

1. e4 c5 2. Nf3 d6 3. c3 Nf6 4. Be2 Nc6 5. d3 g6 6. O-O Bg7 7. d4 cxd4 
8. cxd4 O-O 9. d5 Nb8 10. Nc3 Nbd7 11. Be3 b6 12. Nd4 Bb7 13. Rc1 Rc8 14. f3 a6 
15. a4 Ne5 16. Qb3 Ned7 17. Qa3 a5 18. Ncb5 Nc5 19. Na7 Ra8 20. Nac6 Qc7 
21. Bb5 Ba6 22. Rfd1 Bxb5 23. axb5 a4 24. Ra1 Rfe8 25. b4 axb3 26. Qxa8 Rxa8 
27. Rxa8+ Bf8 28. Bh6 Nfd7 29. Bxf8 Nxf8 30. Nxb3 Kg7 31. Rda1 Nfd7 32. Re8 e5 
33. Ra7 Nb7 34. Raa8 Nbc5 35. Nxc5 dxc5 36. Ra7 Qd6 37. Rd8 c4 38. Rdxd7 Qc5+ 
39. Kf1 Qxb5 40. Rxf7+ Kh6 41. h4 Qb1+ 42. Kf2 Qb2+ 43. Kg3 g5 44. Rf6+ Kh5 
1-0

[Event "34th Chess Olympiad (men)"]
[Site "Istanbul"]
[Date "2000.11.07"]
[Round "10.51.1"]
[White "Kesmaecker, Philippe"]
[Black "Neumann, Han H W M"]
[WhiteElo "2293"]
[BlackElo "2228"]
[WhiteCountry "MNC"]
[BlackCountry "AHO"]
[Result "1/2-1/2"]

1. d4 Nf6 2. Nf3 e6 3. g3 b5 4. Bg2 Bb7 5. O-O Be7 6. a4 b4 7. Nbd2 O-O 
8. Nc4 Bd5 9. Ne3 Be4 10. c4 c5 11. d5 exd5 12. cxd5 d6 13. b3 a5 14. Bb2 Nbd7 
15. Nd2 Bxg2 16. Kxg2 Nb6 17. Ndc4 Nxc4 18. Nxc4 Nd7 19. Qd2 Nb6 20. Nxb6 Qxb6 
21. Qf4 f5 22. Rfd1 Bf6 23. Bxf6 Rxf6 24. Rd2 Re8 25. f3 Qd8 26. Re1 Re5 
27. Qc4 Rf7 28. e4 f4 29. Rf2 h5 30. Rg1 Rg5 31. Kf1 Rf6 32. Ke2 Rfg6 
33. Rfg2 Qf6 34. Kf2 Qe5 35. g4 h4 36. h3 Qb2+ 
1/2-1/2

[Event "34th Chess Olympiad (men)"]
[Site "Istanbul"]
[Date "2000.11.07"]
[Round "10.51.2"]
[White "Mensing, Fabio"]
[Black "Farleigh, Richard"]
[WhiteElo "2000"]
[BlackElo "2199"]
[WhiteCountry "AHO"]
[BlackCountry "MNC"]
[Result "1/2-1/2"]

1. d4 g6 2. e4 d6 3. g3 Bg7 4. Bg2 Nf6 5. Ne2 O-O 6. O-O c6 7. h3 b5 8. Be3 Qc7 
9. g4 Nbd7 10. Ng3 Nb6 11. Nd2 Bb7 12. f4 Nfd7 13. c3 c5 14. Rc1 Rac8 
15. f5 cxd4 16. cxd4 Qxc1 17. Qxc1 Rxc1 18. Rxc1 Rc8 19. Rxc8+ Bxc8 20. Ne2 Bb7 
21. b3 Kf8 22. Kf2 e6 23. fxe6 fxe6 24. g5 Ke7 25. h4 Nb8 26. Bh3 Nc6 
27. a3 Nd8 28. Bg4 Nc6 29. Bh3 Ba6 30. Nf3 Na5 31. Nd2 Nc6 32. Nf3 b4 
33. a4 Bd3 34. Nf4 Bxe4 35. Bxe6 Bxf3 36. Kxf3 Bxd4 37. Bg8 Ne5+ 38. Ke4 Bxe3 
39. Kxe3 Kf8 40. Be6 Nc6 41. Ke4 Ke7 
1/2-1/2

[Event "34th Chess Olympiad (men)"]
[Site "Istanbul"]
[Date "2000.11.07"]
[Round "10.51.3"]
[White "Bussachini, Michel"]
[Black "Wolf, Rudsel"]
[WhiteElo "2068"]
[BlackElo "2000"]
[WhiteCountry "MNC"]
[BlackCountry "AHO"]
[Result "0-1"]

1. e4 c5 2. Nc3 Nc6 3. g3 Nf6 4. Bg2 e6 5. Nge2 Be7 6. f4 d6 7. d3 a6 
8. Be3 Ng4 9. Bg1 Rb8 10. h3 Nf6 11. Qd2 Bd7 12. Nd1 b5 13. Be3 O-O 14. g4 Ne8 
15. O-O h6 16. Nf2 Nc7 17. Qc1 b4 18. c3 bxc3 19. bxc3 Nb5 20. a4 Nc7 
21. Qc2 Bh4 22. e5 dxe5 23. Bxc5 Be7 24. Bxe7 Qxe7 25. fxe5 Nxe5 26. Nd4 Qg5 
27. Rae1 Ng6 28. Ne4 Qa5 29. c4 e5 30. Nf5 Qxa4 31. Qxa4 Bxa4 32. Nc5 Rb4 
33. Ra1 Bc2 34. Ne3 Bxd3 35. Nxd3 Rb3 36. Rfd1 Rd8 37. Nd5 Ne6 38. Rab1 Rdb8 
39. Rxb3 Rxb3 40. N3b4 a5 41. Nc6 a4 42. Ra1 a3 43. Ncb4 Ngf4 44. Nxf4 Nxf4 
45. Nc2 Rb2 46. Be4 a2 47. Kh2 Ne6 48. Kg3 Nc5 49. Kf3 Nxe4 50. Kxe4 Rxc2 
51. Kxe5 Rxc4 52. Rxa2 Rc3 53. h4 Rc4 54. Rg2 g6 55. h5 Kg7 56. Kd5 Ra4 
57. Kd6 Kf6 58. g5+ hxg5 59. h6 g4 60. Rf2+ Kg5 61. h7 Ra8 62. Rxf7 Rh8 
63. Ke6 g3 64. Rg7 g2 
0-1

[Event "34th Chess Olympiad (men)"]
[Site "Istanbul"]
[Date "2000.11.07"]
[Round "10.51.4"]
[White "Maduro, Sherman"]
[Black "Martinelli, Patrice"]
[WhiteElo "2230"]
[BlackElo "2027"]
[WhiteCountry "AHO"]
[BlackCountry "MNC"]
[Result "0-1"]

1. e4 d5 2. exd5 Qxd5 3. d4 Nf6 4. c4 Qd6 5. Nc3 c6 6. Nf3 Bg4 7. Be2 e6 
8. Bg5 Qb4 9. Qd3 Bf5 10. Qd2 Ne4 11. Nxe4 Bxe4 12. O-O Qxd2 13. Bxd2 Na6 
14. a3 Be7 15. Bc3 Bf6 16. Nd2 Bf5 17. Bf3 O-O-O 18. Be4 Bxd4 19. Nf3 Bxc3 
20. Bxf5 Bxb2 21. Ra2 Bf6 22. Bh3 Rd3 23. Rd2 Rxa3 24. Rfd1 Rc3 25. Nd4 Rd8 
26. f3 Nc5 27. Kf1 
0-1

[Event "34th Chess Olympiad (men)"]
[Site "Istanbul"]
[Date "2000.11.07"]
[Round "10.52.1"]
[White "Andolo, Humphrey"]
[Black "Wijesurija, G Laxman"]
[WhiteElo "2146"]
[BlackElo "2160"]
[WhiteCountry "KEN"]
[BlackCountry "SRI"]
[Result "0-1"]

1. e4 Nf6 2. e5 Nd5 3. c4 Nb6 4. d4 d6 5. exd6 exd6 6. Bd3 Nc6 7. Nf3 Bg4 
8. Be3 Qf6 9. Nbd2 d5 10. O-O dxc4 11. Bg5 Qxg5 12. Re1+ Be7 13. Be4 Qf6 
14. h3 Bxf3 15. Nxf3 O-O 16. d5 Rad8 17. a3 Nb8 18. Qc2 h6 19. Rad1 N8d7 
20. Nd4 Nc5 21. Bf3 Bd6 22. g3 Nd3 23. Re4 Be5 
0-1

[Event "34th Chess Olympiad (men)"]
[Site "Istanbul"]
[Date "2000.11.07"]
[Round "10.52.2"]
[White "De Silva, Nuwan"]
[Black "Kanyingi, Joseph"]
[WhiteElo "2000"]
[BlackElo "2200"]
[WhiteCountry "SRI"]
[BlackCountry "KEN"]
[Result "1-0"]

1. d4 d5 2. c4 c6 3. Nf3 Nf6 4. Nc3 e6 5. e3 Be7 6. Bd3 Nbd7 7. O-O O-O 
8. e4 dxe4 9. Nxe4 Nxe4 10. Bxe4 Nf6 11. Bc2 c5 12. Qd3 cxd4 13. Bg5 g6 
14. Rfe1 Re8 15. Rad1 Ng4 16. Bf4 Bf6 17. h3 e5 18. Bc1 e4 19. Qe2 Ne5 
20. Nxd4 Qa5 21. Bxe4 Nc6 22. Nxc6 bxc6 23. Qf3 Re6 24. Bd2 Qc7 25. Bxg6 Bxb2 
26. Bc2 Rf6 27. Qh5 Rg6 28. Re8+ Kg7 29. Bxg6 fxg6 30. Qh6+ 
1-0

[Event "34th Chess Olympiad (men)"]
[Site "Istanbul"]
[Date "2000.11.07"]
[Round "10.52.3"]
[White "Magana, Ben"]
[Black "Fonseka, C.k.d"]
[WhiteElo "2000"]
[BlackElo "2000"]
[WhiteCountry "KEN"]
[BlackCountry "SRI"]
[Result "1/2-1/2"]

1. e4 Nf6 2. e5 Nd5 3. d4 d6 4. c4 Nb6 5. f4 dxe5 6. fxe5 Nc6 7. Be3 Bf5 
8. Nc3 e6 9. Nf3 Be7 10. a3 f6 11. exf6 Bxf6 12. Be2 O-O 13. O-O Na5 14. b3 c5 
15. Rc1 cxd4 16. Nxd4 Bxd4 17. Qxd4 Qxd4 18. Bxd4 Nxb3 19. Rcd1 Nxd4 
20. Rxd4 Rad8 21. Rfd1 Rxd4 22. Rxd4 e5 23. Rd1 Nd7 24. Nb5 Nf6 25. Nxa7 
1/2-1/2

[Event "34th Chess Olympiad (men)"]
[Site "Istanbul"]
[Date "2000.11.07"]
[Round "10.52.4"]
[White "Yapa, Mayura"]
[Black "Mukabi, John"]
[WhiteElo "2000"]
[BlackElo "2100"]
[WhiteCountry "SRI"]
[BlackCountry "KEN"]
[Result "1-0"]

1. d4 d5 2. c4 c6 3. Nc3 Nf6 4. Nf3 e6 5. Bg5 Be7 6. e3 h6 7. Bf4 dxc4 
8. Bxc4 b5 9. Bd3 b4 10. Ne4 Nd5 11. Bg3 O-O 12. O-O Ba6 13. Ne5 Bxd3 
14. Nxd3 f5 15. Nec5 Bxc5 16. Nxc5 Qe7 17. Qa4 Rc8 18. Rfe1 Nd7 19. Rac1 a5 
20. Nxd7 Qxd7 21. Be5 Nb6 22. Qc2 Qd5 23. e4 Qxa2 24. exf5 exf5 25. Qxf5 Qf7 
26. Qd3 Nd5 27. Re4 Qg6 28. Qe2 Nf6 29. Re3 Kh7 30. Ra1 a4 31. Qc4 Ng4 
32. Rg3 Qf5 33. Bxg7 Kxg7 34. f3 Kh8 35. Rxg4 Rg8 36. Qxc6 h5 37. Rxg8+ Rxg8 
38. Qh6+ Qh7 39. Qxh7+ Kxh7 40. Rxa4 Rb8 41. Kf2 b3 42. Ra3 h4 43. g3 Kg6 
44. gxh4 Kh5 45. Ke2 Kxh4 46. Kd3 Rf8 47. Rxb3 Rxf3+ 48. Kc4 Rf2 49. Rb6 Kg5 
50. b4 Rxh2 51. Re6 Kf5 52. Re8 Kf6 53. b5 Rc2+ 54. Kd5 Kf7 55. Re4 Rc1 
56. b6 Rb1 57. Kc6 Rc1+ 58. Kd7 Rb1 59. Kc7 Rb4 60. b7 Rc4+ 61. Kb8 Ra4 
62. Re2 Rxd4 63. Ra2 Ke7 64. Ka8 
1-0

[Event "34th Chess Olympiad (men)"]
[Site "Istanbul"]
[Date "2000.11.07"]
[Round "10.53.1"]
[White "Moussa, Alaa-Eddine"]
[Black "Cueto, Johnny"]
[WhiteElo "2255"]
[BlackElo "2389"]
[WhiteCountry "PLE"]
[BlackCountry "BOL"]
[Result "1/2-1/2"]

1. d4 d5 2. Nf3 Bf5 3. c4 e6 4. Nc3 Nf6 5. cxd5 exd5 6. Qb3 Nc6 7. Bg5 Na5 
8. Qa4+ c6 9. Bxf6 gxf6 10. e3 Qb6 11. O-O-O O-O-O 12. Nh4 Bg4 13. Be2 Be6 
14. Bd3 
1/2-1/2

[Event "34th Chess Olympiad (men)"]
[Site "Istanbul"]
[Date "2000.11.07"]
[Round "10.53.2"]
[White "Saavedra, Carlos"]
[Black "Asaad, Salah"]
[WhiteElo "2206"]
[BlackElo "2000"]
[WhiteCountry "BOL"]
[BlackCountry "PLE"]
[Result "0-1"]

1. d4 Nf6 2. Nf3 g6 3. Bf4 Bg7 4. Nbd2 d5 5. e3 O-O 6. Bd3 c5 7. c3 Nc6 
8. Ne5 cxd4 9. exd4 Nh5 10. Nxc6 bxc6 11. Bg5 h6 12. Be3 f5 13. Nb3 Qd6 
14. f3 Re8 15. Qd2 e5 16. O-O-O f4 17. Bg1 e4 18. fxe4 dxe4 19. Bc4+ Be6 
20. d5 e3 21. Qd3 Bxd5 22. Bxd5+ cxd5 23. Qxd5+ Qxd5 24. Rxd5 Rad8 25. Rd1 g5 
26. g3 Rxd1+ 27. Kxd1 f3 
0-1

[Event "34th Chess Olympiad (men)"]
[Site "Istanbul"]
[Date "2000.11.07"]
[Round "10.53.3"]
[White "Lekke, Khaled"]
[Black "Zambrana, Oswaldo"]
[WhiteElo "2000"]
[BlackElo "2253"]
[WhiteCountry "PLE"]
[BlackCountry "BOL"]
[Result "0-1"]

1. d4 Nf6 2. Nf3 e6 3. Bf4 Be7 4. Nbd2 b6 5. e4 d6 6. Bd3 O-O 7. e5 Nd5 
8. Bg3 Nb4 9. Be2 c5 10. c3 N4c6 11. h4 dxe5 12. dxe5 Nd7 13. Bd3 Ndxe5 
14. Bxh7+ Kxh7 15. Bxe5 Nxe5 16. Nxe5 Qd5 17. Qh5+ Kg8 18. c4 Qd4 19. O-O-O Bf6 
20. Ndf3 Qf4+ 21. Rd2 Qf5 22. Qxf5 exf5 23. Nd7 Bxd7 24. Rxd7 Rfe8 25. Ng5 Re2 
26. Rhd1 Bxb2+ 27. Kb1 Bf6 28. Nxf7 Rae8 29. Nd6 Rb2+ 30. Kc1 Ree2 31. Rf1 Rxa2 
0-1

[Event "34th Chess Olympiad (men)"]
[Site "Istanbul"]
[Date "2000.11.07"]
[Round "10.53.4"]
[White "Campero, Ronald"]
[Black "Mawed, Mohamed"]
[WhiteElo "2000"]
[BlackElo "2000"]
[WhiteCountry "BOL"]
[BlackCountry "PLE"]
[Result "1/2-1/2"]

1. Nf3 d5 2. b3 Nf6 3. Bb2 Bg4 4. e3 Nbd7 5. Be2 e6 6. d3 Bd6 7. Nbd2 e5 
8. h3 Bh5 9. O-O h6 10. c4 c6 11. Nh4 Bg6 12. Nxg6 fxg6 13. Nf3 O-O 14. Qc2 Rc8 
15. c5 Bb8 16. b4 Qe7 17. a4 Kh7 18. Rac1 e4 19. Nd2 a6 20. dxe4 Nxe4 
21. Nxe4 dxe4 22. Bg4 Rce8 23. Bxd7 Qxd7 24. Rcd1 Qe6 25. Rd2 Re7 26. Rfd1 Bc7 
27. Rc1 Qf5 28. Qd1 h5 29. Qe2 Qg5 30. Rcd1 Rff7 31. Qc4 Qf5 32. b5 axb5 
33. axb5 Rd7 34. bxc6 Qxf2+ 35. Rxf2 Rxd1+ 36. Qf1 Rxf1+ 37. Kxf1 Rxf2+ 
38. Kxf2 bxc6 39. Ke2 g5 40. g4 Bd8 41. Kd2 Bf6 42. Bd4 Kg6 43. Kc3 h4 
44. Kc4 Bd8 45. Be5 Kf7 46. Kd4 Be7 47. Bc7 Ke6 48. Bb6 Bf6+ 49. Kxe4 Be5 
50. Ba5 Bf6 51. Bc7 Be7 52. Bb6 
1/2-1/2

[Event "34th Chess Olympiad (men)"]
[Site "Istanbul"]
[Date "2000.11.07"]
[Round "10.54.1"]
[White "Frick, Renato"]
[Black "Corbin, Philip"]
[WhiteElo "2156"]
[BlackElo "2228"]
[WhiteCountry "LIE"]
[BlackCountry "BAR"]
[Result "0-1"]

1. e4 c5 2. Nf3 Nc6 3. Bb5 g6 4. c3 Bg7 5. d4 Qb6 6. Qa4 cxd4 7. Bxc6 bxc6 
8. cxd4 Ba6 9. Nc3 Nf6 10. Qb3 Qxb3 11. axb3 Bd3 12. e5 Nd5 13. Nxd5 cxd5 
14. Bd2 O-O 15. Kd1 Rfb8 16. Ra3 e6 17. Ne1 Bf5 18. b4 Bf8 19. Ra4 Rb7 
20. f3 h5 21. Nc2 Rab8 22. Re1 d6 23. Na3 dxe5 24. dxe5 Bxb4 25. Bxb4 Rxb4 
26. Rxb4 Rxb4 27. Kc1 d4 28. h3 h4 29. Re2 Kg7 30. Rd2 f6 31. exf6+ Kxf6 
32. Kd1 e5 33. Ke2 Kg5 34. Kf2 Kf4 35. Re2 a5 36. Rd2 a4 37. Re2 Rb8 
38. Nc4 Bd3 39. Rxe5 Bxc4 40. Re4+ Kf5 41. Rxd4 Rxb2+ 42. Kg1 a3 
0-1

[Event "34th Chess Olympiad (men)"]
[Site "Istanbul"]
[Date "2000.11.07"]
[Round "10.54.2"]
[White "Austin, Dirk"]
[Black "Guller, Andras"]
[WhiteElo "2000"]
[BlackElo "2141"]
[WhiteCountry "BAR"]
[BlackCountry "LIE"]
[Result "1/2-1/2"]

1. c4 e6 2. Nf3 Nf6 3. Nc3 d5 4. d4 c6 5. Bg5 Nbd7 6. cxd5 exd5 7. e3 Be7 
8. Bd3 Ne4 9. Bxe7 Qxe7 10. Rc1 Ndf6 11. Ne5 Be6 12. O-O O-O 13. f3 Nxc3 
14. Rxc3 Nd7 15. f4 Nxe5 16. dxe5 f5 17. Qc2 Rad8 18. Qa4 a6 19. Qd4 Qd7 
20. Rfc1 Qe7 21. b4 Bd7 22. a4 Ra8 23. Qb6 Be8 24. b5 axb5 25. axb5 Ra2 
26. Qd4 Bd7 27. bxc6 bxc6 28. Rb3 Qh4 29. Rb2 Rfa8 30. g3 Qh5 31. Be2 Qe8 
32. Rcb1 Rxb2 33. Rxb2 Rb8 
1/2-1/2

[Event "34th Chess Olympiad (men)"]
[Site "Istanbul"]
[Date "2000.11.07"]
[Round "10.54.3"]
[White "Elkuch, Harald"]
[Black "Elson, Askari"]
[WhiteElo "2126"]
[BlackElo "2000"]
[WhiteCountry "LIE"]
[BlackCountry "BAR"]
[Result "1/2-1/2"]

1. e4 d5 2. exd5 Nf6 3. Nf3 Nxd5 4. d4 Bf5 5. a3 e6 6. c4 Nb6 7. Be3 N8d7 
8. Nc3 Be7 9. Be2 O-O 10. O-O c5 11. dxc5 Nxc5 12. b4 Ne4 13. Nxe4 Bxe4 
14. Qb3 Qc7 15. Nd4 a6 16. Rac1 e5 17. Nc2 Rac8 18. c5 Nd5 19. Bc4 Nxe3 
20. Nxe3 Bg5 21. f3 Bc6 22. Rcd1 Bxe3+ 23. Qxe3 Rcd8 24. Bb3 Kh8 25. Rfe1 f6 
26. Bc2 Rxd1 27. Rxd1 Rd8 28. Rxd8+ Qxd8 29. Kf2 Qd7 30. Qd3 Qxd3 31. Bxd3 Kg8 
32. Be4 Kf7 33. Ke3 g6 34. Kd3 f5 35. Bxc6 bxc6 36. a4 Ke6 37. Kc4 h6 
38. b5 cxb5+ 39. axb5 axb5+ 40. Kxb5 e4 41. fxe4 fxe4 42. Kc4 e3 43. Kd3 e2 
44. Kxe2 Kd5 45. Kf3 Kxc5 46. Kf4 Kd6 47. g4 Ke6 48. h4 Kd5 49. h5 gxh5 
50. gxh5 
1/2-1/2

[Event "34th Chess Olympiad (men)"]
[Site "Istanbul"]
[Date "2000.11.07"]
[Round "10.54.4"]
[White "Forde, Michael"]
[Black "Mannhart, Marcel"]
[WhiteElo "2000"]
[BlackElo "2061"]
[WhiteCountry "BAR"]
[BlackCountry "LIE"]
[Result "0-1"]

1. Nf3 d6 2. g3 e5 3. d3 g6 4. Bg2 Bg7 5. e4 Ne7 6. O-O O-O 7. c3 c6 
8. Nbd2 Qc7 9. Nh4 Be6 10. f4 f6 11. f5 gxf5 12. exf5 Bf7 13. c4 d5 14. b3 Kh8 
15. Kh1 Nd7 16. Ndf3 Bh5 17. Qc2 Qa5 18. Bh3 Bxf3+ 19. Rxf3 e4 20. dxe4 dxc4 
21. Qxc4 Ne5 22. Qf1 Nxf3 23. Qxf3 Rad8 24. Bf4 Rd4 25. Be3 Rd3 26. Bf1 Rxb3 
27. Qf2 Rd8 28. Bc4 Qe5 29. Bxb3 Qxa1+ 30. Kg2 Qe5 31. Qf3 b6 32. Kh3 c5 
33. Qh5 Qxe4 34. Bh6 c4 35. Bd1 Kg8 36. Bf3 Qd4 37. g4 Nd5 38. Ng2 Bxh6 
39. Qxh6 Qe5 40. Bxd5+ Rxd5 41. Nf4 Rd4 42. Nh5 Rd3+ 43. Ng3 c3 44. g5 Qxf5+ 
0-1

[Event "34th Chess Olympiad (men)"]
[Site "Istanbul"]
[Date "2000.11.07"]
[Round "10.55.1"]
[White "Silveirinha, Jose Antonio C"]
[Black "Camilleri, Henry"]
[WhiteElo "2177"]
[BlackElo "2156"]
[WhiteCountry "MAC"]
[BlackCountry "MLT"]
[Result "0-1"]

1. d4 e6 2. Nf3 f5 3. c4 Nf6 4. Nc3 Bb4 5. Bd2 b6 6. e3 a5 7. Ne5 O-O 8. Qc2 d6 
9. Nd3 Bxc3 10. bxc3 Ba6 11. Nf4 Qe7 12. d5 exd5 13. cxd5 Bxf1 14. Rxf1 Qe5 
15. Qd3 Na6 16. Rc1 Nc5 17. Qd4 g5 18. Ne6 Qxd4 19. exd4 Nd3+ 20. Kd1 Nxc1 
21. Kxc1 Rfc8 22. Nxg5 Nxd5 23. c4 Nb4 24. a3 Nc6 25. Bc3 d5 26. Re1 Re8 
27. Ne6 dxc4 28. Re3 f4 29. Re1 Nd8 30. d5 Nxe6 31. dxe6 Rad8 32. Re5 h6 
33. Re4 Rd6 34. e7 Kf7 35. Rxc4 Rxe7 36. Rxf4+ Ke8 37. Bd4 Kd7 38. Kc2 Re2+ 
39. Kb3 c5 40. Bc3 Kc6 41. a4 Rde6 42. g3 R2e4 43. Rf5 c4+ 44. Ka3 Rd6 
45. Kb2 Re2+ 46. Kc1 Ra2 47. Be5 Re6 48. h4 Rxa4 49. f4 Rg6 50. Rf6+ Rxf6 
51. Bxf6 h5 52. Kb2 Kd5 53. Bc3 Ke4 54. g4 hxg4 55. h5 g3 56. h6 g2 57. Bd4 c3+ 
0-1

[Event "34th Chess Olympiad (men)"]
[Site "Istanbul"]
[Date "2000.11.07"]
[Round "10.55.2"]
[White "Camilleri, Stephan J"]
[Black "Ma, Ernesto"]
[WhiteElo "2097"]
[BlackElo "2200"]
[WhiteCountry "MLT"]
[BlackCountry "MAC"]
[Result "1/2-1/2"]

1. e4 e5 2. Nf3 Nf6 3. Nxe5 d6 4. Nf3 Nxe4 5. Qe2 Qe7 6. d3 Nf6 7. Bg5 Qxe2+ 
8. Bxe2 Be7 9. Nc3 a6 10. O-O Nc6 11. Bxf6 Bxf6 12. Nd5 Bd8 13. d4 Bg4 
14. c3 O-O 15. Rfe1 Nb8 16. h3 Bh5 17. Nf4 Bg6 18. Nxg6 hxg6 19. Bc4 c6 
20. Re2 Nd7 21. Rae1 Nf6 22. g3 Rb8 23. a3 Bb6 24. Kg2 
1/2-1/2

[Event "34th Chess Olympiad (men)"]
[Site "Istanbul"]
[Date "2000.11.07"]
[Round "10.55.3"]
[White "Chan, Kuok"]
[Black "Borg, Andrew"]
[WhiteElo "2000"]
[BlackElo "2132"]
[WhiteCountry "MAC"]
[BlackCountry "MLT"]
[Result "1/2-1/2"]

1. d4 d5 2. c4 e6 3. Nc3 c6 4. e3 Nf6 5. Nf3 Nbd7 6. Bd3 dxc4 7. Bxc4 b5 
8. Bd3 b4 9. Ne4 Be7 10. O-O O-O 11. Qe2 Bb7 12. Rd1 Qb6 13. b3 c5 
14. Nxc5 Nxc5 15. dxc5 Qxc5 16. Bb2 Rac8 17. Rac1 Qa5 18. Bd4 Nd5 19. Rxc8 Rxc8 
20. Ne5 Nf6 21. Nc4 Qg5 
1/2-1/2

[Event "34th Chess Olympiad (men)"]
[Site "Istanbul"]
[Date "2000.11.07"]
[Round "10.55.4"]
[White "Vella, Duncan"]
[Black "Chang, Hon Kun"]
[WhiteElo "2000"]
[BlackElo "2200"]
[WhiteCountry "MLT"]
[BlackCountry "MAC"]
[Result "1-0"]

1. e4 e6 2. d4 d5 3. e5 c5 4. c3 Nc6 5. Be3 cxd4 6. cxd4 Bd7 7. Nc3 a6 
8. Nf3 f6 9. exf6 Nxf6 10. Rc1 Bd6 11. Bd3 O-O 12. O-O Be8 13. Ng5 Qe7 
14. f4 h6 15. Nh3 Bh5 16. Be2 Bg6 17. a3 Na5 18. Na4 b5 19. Nc5 Ne4 
20. Bg4 Bxc5 21. dxc5 Nc6 22. f5 Bf7 23. fxe6 Bxe6 24. Bxe6+ Qxe6 25. Nf4 Ng3 
26. Nxe6 Rxf1+ 27. Qxf1 Nxf1 28. Kxf1 Re8 29. Nd4 Ne5 30. Re1 Nd3 31. Re2 Rf8+ 
32. Nf3 g5 33. h3 
1-0

[Event "34th Chess Olympiad (men)"]
[Site "Istanbul"]
[Date "2000.11.07"]
[Round "10.56.1"]
[White "Righi, Ezio"]
[Black "Cave, Christo"]
[WhiteElo "2118"]
[BlackElo "2296"]
[WhiteCountry "SMR"]
[BlackCountry "TRI"]
[Result "0-1"]

1. e4 e6 2. d4 d5 3. Nc3 Nf6 4. Bg5 Be7 5. e5 Nfd7 6. h4 a6 7. Bxe7 Qxe7 
8. f4 c5 9. Nf3 Nc6 10. dxc5 Qxc5 11. Qd2 b5 12. O-O-O Nb6 13. Nd4 Bd7 
14. Nxc6 Qxc6 15. Bd3 b4 16. Ne2 Qc5 17. Rh3 Rc8 18. Qe3 Qa5 19. Kb1 Bb5 
20. f5 Bxd3 21. cxd3 exf5 22. Qg5 O-O 23. Rg3 g6 24. h5 Qc5 25. Rc1 Qf2 
26. e6 f6 27. Qh6 Rxc1+ 28. Kxc1 Qe1+ 29. Kc2 Rc8+ 30. Kb3 Qd1+ 31. Kxb4 Qa4# 
0-1

[Event "34th Chess Olympiad (men)"]
[Site "Istanbul"]
[Date "2000.11.07"]
[Round "10.56.2"]
[White "Ramsingh, Yogendranath"]
[Black "Volpinari, Danilo"]
[WhiteElo "2246"]
[BlackElo "2084"]
[WhiteCountry "TRI"]
[BlackCountry "SMR"]
[Result "1-0"]

1. e4 e5 2. Nf3 Nc6 3. Bb5 Bc5 4. c3 d5 5. Nxe5 Qg5 6. d4 Qxg2 7. Qf3 Qxf3 
8. Nxf3 dxe4 9. Ng5 Be7 10. Nxe4 Bd7 11. Rg1 g6 12. Bf4 O-O-O 13. Nbd2 h6 
14. d5 Nb8 15. Bc4 f5 16. d6 cxd6 17. Nxd6+ Bxd6 18. Bxd6 Re8+ 19. Kd1 Be6 
20. Rxg6 Bxc4 21. Nxc4 Ne7 22. Re6 Nbc6 23. Bf4 Nd5 24. Rxe8+ Rxe8 25. Nd6+ Kd7 
26. Nxe8 Nxf4 27. Ng7 Nd3 28. Kc2 Nxf2 29. Nxf5 h5 30. Rg1 b6 31. Rg6 Ng4 
32. h3 Nf2 33. h4 Ng4 34. Rg5 Nce5 35. Rxh5 Ke6 36. Nd4+ Kf6 37. Rh7 Nf7 
38. Rh5 Ne3+ 39. Kd3 Ng2 40. Rf5+ Kg6 41. h5+ 
1-0

[Event "34th Chess Olympiad (men)"]
[Site "Istanbul"]
[Date "2000.11.07"]
[Round "10.56.3"]
[White "Renzi, Nicola"]
[Black "Yee, Frank"]
[WhiteElo "2000"]
[BlackElo "2169"]
[WhiteCountry "SMR"]
[BlackCountry "TRI"]
[Result "0-1"]

1. d4 Nf6 2. Nf3 d5 3. Bf4 e6 4. e3 Be7 5. Nbd2 O-O 6. Bd3 Nbd7 7. Ne5 c5 
8. c3 c4 9. Bc2 b5 10. Qf3 Bb7 11. Qh3 Re8 12. g4 g6 13. g5 Ne4 14. Nxf7 Qb6 
15. Nh6+ Kg7 16. Nxe4 dxe4 17. Qg2 e5 18. Bxe5+ Nxe5 19. dxe5 Rad8 20. h4 Bc5 
21. Bxe4 Bxe3 22. O-O Bxe4 23. Qxe4 Bc5 24. Rae1 Rd2 25. Re2 Rxe2 26. Qxe2 Qe6 
27. Re1 Rf8 28. Ng4 Rf4 29. Ne3 Qh3 30. Qd2 Rxh4 
0-1

[Event "34th Chess Olympiad (men)"]
[Site "Istanbul"]
[Date "2000.11.07"]
[Round "10.56.4"]
[White "Duncan, Leonard"]
[Black "Cecchetti, Roberto"]
[WhiteElo "2000"]
[BlackElo "2000"]
[WhiteCountry "TRI"]
[BlackCountry "SMR"]
[Result "1-0"]

1. Nf3 d5 2. g3 c6 3. Bg2 Nf6 4. O-O Bf5 5. d3 e6 6. Nbd2 h6 7. Re1 Be7 
8. c3 O-O 9. Qb3 Qb6 10. Qxb6 axb6 11. e4 Bh7 12. e5 Nfd7 13. d4 c5 14. Bf1 c4 
15. h4 b5 16. a3 Nc6 17. b4 Nb6 18. Kg2 Na4 19. Re3 Bd8 20. Be2 Ne7 21. g4 Be4 
22. Kg3 Bg6 23. Ne1 h5 24. f3 Bc7 25. Ng2 hxg4 26. fxg4 Bh7 27. Nf4 Ng6 
28. Nxg6 Bxg6 29. Bd1 Nb6 30. Kh3 Bd3 31. Nf3 Kh7 32. Ng5+ Kg6 33. h5+ Kh6 
34. Rxd3 cxd3 35. Nxe6+ Kh7 36. Nxf8+ Rxf8 37. Ra2 Na4 38. Bxa4 bxa4 39. Rd2 b5 
40. Rxd3 Rc8 41. Bg5 Bb8 42. Be7 Re8 43. Bg5 Bc7 44. Rf3 Kg8 45. h6 gxh6 
46. Bxh6 Bd8 47. Rf5 Re6 48. Bg5 Bxg5 49. Rxg5+ Kh7 50. Rf5 Kg7 51. g5 Rc6 
52. Rf3 Rc7 53. Kg4 Rc6 54. Kf5 Re6 55. Rh3 Rc6 56. Rf3 Re6 57. Kg4 Rc6 
58. Kg3 Rc7 59. Kf2 Kg6 60. Ke2 Kxg5 61. Kd3 Kg6 62. Rf6+ Kg7 63. Rd6 Rc8 
64. Rxd5 Rh8 65. Ke4 
1-0